000 01348cam a2200229 4500
001 ##J127646
008 041007n2003 000 0 eng u
035 _a(Sirsi) u127646
041 0 _aeng
050 0 4 _a690.0285 $2 18
100 1 _aBreetzke, Keith
245 0 3 _aAn introduction to project extranets and e-procurement
_h[electronic resource]
260 _aLondon
_bRICS
_c2003
490 0 _aRICS Quantity Surveying and Construction Faculty Feature
520 _aThis report provides an introduction to extranets, which are being increasingly promoted as the panacea to the industry's communications problems. In addition it outlines the features available from some of the major suppliers. If information technology is to become a strategic component of a scheme, all the members of a team will need to be able to understand and to use the systems on offer. This will lead to the need to appoint a Construction Information Manager on many schemes; surveyors, of course, are ideally suited to this role.
651 4 _aUnited Kingdom
_y
690 _aProcurement
_96260
700 1 _aHawkins, Martin
710 2 _aRoyal Institution of Chartered Surveyors
_bConstruction Faculty
_94214
856 4 0 _uhttps://www.rics.org/Global/Downloads/IntroductionProjectExtranetsE-procurement.pdf
_zView the report on the RICS website...
942 _n0
999 _c103809
_d103809